| 000 | 01072cam a2200301 a 4500 | ||
|---|---|---|---|
| 001 | 35542 | ||
| 003 | BD-RjUL | ||
| 005 | 20211209052336.0 | ||
| 008 | 831026s1979 dcu b 000 0 eng | ||
| 035 | _aMITb10915266 | ||
| 035 |
_a(OCoLC)09912280 _a(BD-RjUL)35636 |
||
| 040 |
_aDLC _cDLC _dOCL _dMYG _dBD-RjUL _beng |
||
| 041 | _aeng | ||
| 082 | 0 | 0 |
_a338.47091724 _219 _bMIC 1979 |
| 100 | 1 |
_aMitra, Jayati Datta _9108234 |
|
| 245 | 1 | 4 |
_aThe capital goods sector in LDCs : _ba case for state intervention? / _cprepared by Jayati Datta Mitra. |
| 260 |
_aWashington, D.C., U.S.A. : _bWorld Bank, _cc1979. |
||
| 300 |
_aii, ix, 44, 2 Leaves : _c28 cm. _bIll. ; |
||
| 490 | 1 |
_aWorld Bank staff working paper ; _vno. 343 |
|
| 500 | _aCover title. | ||
| 500 | _a"July 1979." | ||
| 504 | _aIncludes bibliographical references. | ||
| 650 | 0 |
_aIndustrial equipment industry _xGovernment policy _zDeveloping countries. _9108235 |
|
| 830 | 0 |
_aWorld Bank staff working paper ; no. 343 _9108236 |
|
| 942 |
_2ddc _cDOC |
||
| 999 |
_c35542 _d35542 |
||